00346nam a2200133Ia 450000500170000000800410001708200160005810000200007424500440009426000380013830000130017665000140018965000090020320240620013840.0240331s9999 xx 000 0 und d bGANa891.48 aGanesalingan, S 0aVathaiyin kaathai :banniya manithargal aChennaibKumaran Publishersc1995 a172 p ., aPolitical aLaws